BoyWithUke Discography - Statistics

General Stats
  • This quiz has been taken 11 times
  • The average score is 49 of 88
Answer Stats
Hint Answer % Correct
Serotonin Dreams IDGAF
100%
Fever Dreams Bok Choy
88%
Serotonin Dreams Far Away
88%
Fever Dreams Haha, Hi
88%
Serotonin Dreams Long Drives
88%
Serotonin Dreams She Said No
88%
Burnout Stranger
88%
Serotonin Dreams Toxic
88%
Serotonin Dreams Understand
88%
Lucid Dreams Blue
75%
Serotonin Dreams Contigo
75%
Burnout Ghost
75%
Fever Dreams Hazel Eyes
75%
Serotonin Dreams Heart Of Ice
75%
Fever Dreams Kind of Sick of Life
75%
Lucid Dreams King of Nothing
75%
Faded Loafers
75%
Lucid Dreams Migraine
75%
Serotonin Dreams Prairies
75%
Fever Dreams Psycho
75%
Antisocial Rockstar
75%
Lucid Dreams Rockstar
75%
Melatonin Dreams Route 9
75%
Serotonin Dreams Scared of the Dark
75%
Melatonin Dreams 2.9 Miles Away
63%
Trouvaille Animal Crackers
63%
Burnout Backseat
63%
Lucid Dreams Bad Blood
63%
Burnout Burn
63%
Serotonin Dreams Let Me Down
63%
Faded LoveSick
63%
Antisocial Nosedive
63%
Fever Dreams Out of Tune
63%
Lucid Dreams Problematic
63%
Fever Dreams Shy
63%
Fever Dreams Sleep Deprived
63%
Trouvaille Tired of Wanting You
63%
Lucid Dreams Trauma
63%
Fever Dreams Two Moons
63%
Lucid Dreams Babydoll
50%
Fever Dreams Bad Luck
50%
Lucid Dreams Bad Things
50%
Lucid Dreams Before I Die
50%
BoyWithUke: B Sides Blind
50%
Lucid Dreams Camouflage
50%
BoyWithUke: B Sides Can't Let You Go
50%
Burnout Coffee
50%
BoyWithUke: B Sides Dear Hollywood
50%
BoyWithUke: B Sides Enigma
50%
Fever Dreams Forget Me
50%
Burnout Gaslight
50%
BoyWithUke: B Sides Green
50%
Lucid Dreams Homesick
50%
Antisocial idtwcbf (friends)
50%
Melatonin Dreams I Wish
50%
Melatonin Dreams I Won't Let You Go
50%
Melatonin Dreams Just Let Me Go
50%
Melatonin Dreams Letter for my Bed
50%
Melatonin Dreams Lovely
50%
Lucid Dreams Lucid (Interlude)
50%
Melatonin Dreams Nihilist
50%
BoyWithUke: B Sides Terrified
50%
Melatonin Dreams Blurry Nights
38%
Burnout Can You Feel It?
38%
Burnout Change
38%
BoyWithUke: B Sides Collared Shirt
38%
Trouvaille Falling For You
38%
BoyWithUke: B Sides Friends
38%
Melatonin Dreams Galaxy
38%
BoyWithUke: B Sides Highs Goodbyes and Lows
38%
BoyWithUke: B Sides Hopeless Romantic
38%
BoyWithUke: B Sides Letter for My Future Ex
38%
Melatonin Dreams Lost
38%
Burnout Love Lost
38%
BoyWithUke: B Sides Next Best Thing
38%
BoyWithUke: B Sides Overthinking
38%
Burnout Paper Planes
38%
Burnout Pitfall
38%
BoyWithUke: B Sides Runaway
38%
Melatonin Dreams So Cold
38%
BoyWithUke: B Sides Tension
38%
Melatonin Dreams Zoning Out
38%
BoyWithUke: B Sides Affection
25%
Burnout Courduroy
25%
Burnout Easier
25%
BoyWithUke: B Sides Hold My Breathe
25%
Lucid Dreams Nightmare
25%
Burnout Petrichor (Interlude)
25%
No matching quizzes found
Score Distribution
Percent of People with Each Score
Percentile by Number Answered
Your Score History
You have not taken this quiz